000 00339 a2200157 4500
001 153762
040 _cEscola São Tomás de Aquino
100 _aJUNQUEIRA, Sonia
240 1 0 _aO galo maluco
_lpor
245 1 0 _aO galo maluco
300 _a24
362 0 _a2007
440 1 _aÁtica
697 _a*LITERATURA JUVENIL
942 _cBK
999 _c153762
_d153762